000 00656nam a2200193 a 4500
001 000009785
005 20240412074213.0
008 091001s1986 dr a r 000 p spa d
040 _aDO-SdBNP
_bspa
_cBNPHU
082 _aRD861.44
_bC352L
100 1 _aCastillo Medrano, Francisco Eleodoro
_924693
245 1 0 _aLirios de ensueño /
_cFrancisco Eleodoro Castillo Medrano.
260 _aSanto Domingo :
_bCorporación Dominicana de Electricidad,
_c1986.
300 _a133 p. :
_bil. ;
_c21 cm.
590 _aInventariado, 2018/BT
650 0 _aPoesía dominicana
_966
650 0 _aLiteratura dominicana.
_967
910 _aValidado. Control de calidad. MMOLINA
999 _c9544
_d9544